<?xml version="1.0" encoding="UTF-8"?>
<record
    xmlns:xsi="http://www.w3.org/2001/XMLSchema-instance"
    xsi:schemaLocation="http://www.loc.gov/MARC21/slim http://www.loc.gov/standards/marcxml/schema/MARC21slim.xsd"
    xmlns="http://www.loc.gov/MARC21/slim">

  <leader>05082nam a22003017a 4500</leader>
  <controlfield tag="005">20210414094003.0</controlfield>
  <controlfield tag="008">210414b        mx ||||| |||| 00| 0 spa d</controlfield>
  <datafield tag="020" ind1=" " ind2=" ">
    <subfield code="a">9683404154 (Obra completa)</subfield>
  </datafield>
  <datafield tag="020" ind1=" " ind2=" ">
    <subfield code="a">9683404200 (v.1)</subfield>
  </datafield>
  <datafield tag="020" ind1=" " ind2=" ">
    <subfield code="a">9683404170 (v.2)</subfield>
  </datafield>
  <datafield tag="020" ind1=" " ind2=" ">
    <subfield code="a">9683404162 (v.3)</subfield>
  </datafield>
  <datafield tag="020" ind1=" " ind2=" ">
    <subfield code="a">9683404189 (v.4)</subfield>
  </datafield>
  <datafield tag="020" ind1=" " ind2=" ">
    <subfield code="a">9683404219 (v.6)</subfield>
  </datafield>
  <datafield tag="020" ind1=" " ind2=" ">
    <subfield code="a">9683404227 (v.7)</subfield>
  </datafield>
  <datafield tag="050" ind1="0" ind2="4">
    <subfield code="a">PQ7104</subfield>
    <subfield code="b">G73 1985</subfield>
  </datafield>
  <datafield tag="240" ind1=" " ind2=" ">
    <subfield code="s">ll</subfield>
  </datafield>
  <datafield tag="245" ind1="0" ind2="0">
    <subfield code="a">Gran colecci&#xF3;n de la literatura mexicana / </subfield>
    <subfield code="c">Promociones Editoriales Mexicanas ; coordinaci&#xF3;n de Silvia Molina, producci&#xF3;n de Jos&#xE9; Luis Vel&#xE1;zquez</subfield>
  </datafield>
  <datafield tag="250" ind1=" " ind2=" ">
    <subfield code="a">1a edici&#xF3;n</subfield>
  </datafield>
  <datafield tag="260" ind1=" " ind2=" ">
    <subfield code="a">Mexico : </subfield>
    <subfield code="b">Promexa,</subfield>
    <subfield code="c">1985</subfield>
  </datafield>
  <datafield tag="300" ind1=" " ind2=" ">
    <subfield code="a">vol&#xFA;menes ;</subfield>
    <subfield code="c">21 cm</subfield>
  </datafield>
  <datafield tag="490" ind1=" " ind2=" ">
    <subfield code="a">Gran colecci&#xF3;n de la literatura mexicana</subfield>
  </datafield>
  <datafield tag="505" ind1=" " ind2=" ">
    <subfield code="a">      </subfield>
    <subfield code="t">v. 1. La novela de aventuras : El hombre de la situaci&#xF3;n / Manuel Payno ; Astucia / </subfield>
    <subfield code="r">Luis G. Incl&#xE1;n ; Los plateados de tierra caliente / Pedro Robles --</subfield>
    <subfield code="t">v. 2. Los cronistas : Conquista y Colonia : Juan D&#xED;az, Hern&#xE1;n Cort&#xE9;s, Bernal Diaz del Castillo, El conquistador an&#xF3;nimo, Fray Francisco de Aguilar, Andr&#xE9;s de Tapia, Bernardino V&#xE1;zquez de Tapia, Nu&#xF1;o de Guzm&#xE1;n, Ah Nakuk Pech, Diego Mu&#xF1;oz Camargo, Hernando Alvarado Tezozomoc, Fernando de Alva Ixtlilx&#xF3;chitl, Motolin&#xED;a, Fray Diego Dur&#xE1;n, Fray Bernardino de Sahag&#xFA;n, Fray Jer&#xF3;nimo de Mendieta --</subfield>
    <subfield code="t">v. 3. Literaturas Ind&#xED;genas : literatura n&#xE1;huatl, literatura en Maya y Quiche, literatura tarasca, Literatura Otom&#xED;, Literatura del &#xE1;rea de Oaxaca, La tradici&#xF3;n ind&#xED;gena puesta en castellano en el siglo xvi --</subfield>
    <subfield code="t">v. 4. La literatura de la colonia : M&#xE9;xico en 1554 / Francisco Cervantes de Salazar ; Entremeses y coloquios / Fern&#xE1;n Gonz&#xE1;lez de Eslava ; Poes&#xED;a / Francisco de Terrazas ; Desposorio espiritual, Entre el pastor Pedro y la iglesia mexicana / Juan P&#xE9;rez Ram&#xED;rez ; La grandeza mexicana / Bernardo de Balbuena ; La verdad sospechosa, Ganar amigos / Juan Ruiz de Alarc&#xF3;n ; Los infortunios de Alonso Ram&#xED;rez / Carlos de Sig&#xFC;enza y G&#xF3;ngora ; Sonetos y redondillas, Los empe&#xF1;os de una casa, Respuesta a Sor Filotea De La Cruz / Sor Juana In&#xE9;s De La Cruz ; Rusticatio mexicana / Rafael Land&#xED;var ; Poes&#xED;a de la tristeza / Fray Manuel de Navarrete -- </subfield>
    <subfield code="t">v. 5. Las primeras novelas : El periquillo Sarmiento / Jos&#xE9; Joaqu&#xED;n Fern&#xE1;ndez de Lizardi ; Un a&#xF1;o en el hospital de San L&#xE1;zaro / Justo Sierra O&#xB4;Reilly --</subfield>
    <subfield code="t">v. 6.  La novela hist&#xF3;rica y de follet&#xED;n : La majestad ca&#xED;da / Juan A. Mateos ; Mart&#xED;n Garatuza / Vicente Riva Palacio ; Clemencia / Ignacio Manuel Altamirano ; Episodios Nacionales : Su alteza seren&#xED;sima / Victoriano Salado &#xC1;lvarez --</subfield>
    <subfield code="t"> v. 7. Los relatos de costumbres : Memorias de mis tiempos (selecci&#xF3;n de Carlos Monsiv&#xE1;is) / Guillermo Prieto ; Las jamonas / Jos&#xE9; Tom&#xE1;s de Cu&#xE9;llar ; &#xC1;lbum fotogr&#xE1;fico / Hilari&#xF3;n Fr&#xED;as y Soto ; Cuadros de costumbres / Antonio Garc&#xED;a Cubas ; El diablo en M&#xE9;xico / Juan D&#xED;az Covarrubias ; La rumba / &#xC1;ngel de Campo --</subfield>
    <subfield code="t">v. 8. La novela realista : Las minas y los mineros / Pedro Castera ; Perico / Arcadio Zentella ; Nieves / Jos&#xE9; L&#xF3;pez Portillo y Rojas ; La calandria / Rafael Delgado ; La guerra de tres a&#xF1;os / Emilio Rabasa ; El evangelista / Federico Gamboa ; Tomochic / Heriberto Fr&#xED;as ; La chiquilla / Carlos Gonz&#xE1;lez Pe&#xF1;a --</subfield>
    <subfield code="t">v. 9. La novela de la revoluci&#xF3;n : Andr&#xE9; P&#xE9;rez Maderista / Mariano Azuela ; Los cristeros / Jos&#xE9; Guadalupe de Anda ; La sombra del caudillo / Mart&#xED;n Luis Guzm&#xE1;n ; Tropa vieja / Francisco L. Urquizo ; Tierra / Gregorio L&#xF3;pez y Fuentes ; Se llevaron el ca&#xF1;on para Bachimba ; La escondida / Miguel N Lira ; El compadre Mendoza / Mauricio Magdaleno ; Las manos de mam&#xE1; / Nelli Campobello --</subfield>
    <subfield code="t">v. 10. El ensayo : siglos XIX y XX / de Justo Sierra a Carlos Monsiv&#xE1;is --</subfield>
    <subfield code="t">v. 11. La narrativa contempor&#xE1;nea I : Canek / Ermilo Abreu G&#xF3;mez ; Flor de juegos antiguos / Agust&#xED;n Y&#xE1;nez ; Retrato de mi madre / Andr&#xE9;s Henestrosa ; Juan P&#xE9;rez Jolote / Ricardo Posas ; El luto humano / Jos&#xE9; Revueltas ; La feria / Juan Jos&#xE9; Arreola ; El viudo Rom&#xE1;n / Rosario Castellanos ; El norte / Emilio Carballido --</subfield>
    <subfield code="t">v. 12. La narrativa contempor&#xE1;nea II : Los recuerdos del porvenir / Elena Garro ; Lo de antes / Luis Espota ; Polvo de arroz / Sergio Galindo ; Aura / Carlos Fuentes ; Los rel&#xE1;mpagos de agosto / Jorge Ibarg&#xFC;engoitia ; Ein Heldenleben / Salvador Elizondo ; Tajimara / Juan Garc&#xED;a Ponce ; Los alba&#xF1;iles / Vicente Le&#xF1;ero ; Querido Diego, Te abraza Quiela ; Las batallas en el desierto / Jos&#xE9; Emilio Pacheco ; Gazapo / Gustavo S&#xE1;inz ; La mirada en el centro / Jos&#xE9; Agust&#xED;n --</subfield>
    <subfield code="t">v. 13. El cuento : siglos XIX y XX / de Manuel Payno a Jos&#xE9; Agust&#xED;n -- </subfield>
    <subfield code="t">v. 14. La poes&#xED;a : siglos XIX y XX : Poes&#xED;a mexicana 1 : 1821-1914 / presentaci&#xF3;n, selecci&#xF3;n y notas de Jos&#xE9; Emilio Pacheco ; Poes&#xED;a mexicana ll : 1915-1985 / presentaci&#xF3;n, selecci&#xF3;n y notas de Carlos Monsiv&#xE1;is</subfield>
  </datafield>
  <datafield tag="650" ind1=" " ind2="7">
    <subfield code="2">lemb</subfield>
    <subfield code="a">Literatura mexicana</subfield>
    <subfield code="v">Colecciones</subfield>
  </datafield>
  <datafield tag="700" ind1="1" ind2=" ">
    <subfield code="a">Molina, SIlvia,</subfield>
    <subfield code="e">coord.</subfield>
  </datafield>
  <datafield tag="700" ind1="1" ind2=" ">
    <subfield code="a">Vel&#xE1;zquez, Jos&#xE9; Luis,</subfield>
    <subfield code="e">prod.</subfield>
  </datafield>
  <datafield tag="710" ind1="2" ind2=" ">
    <subfield code="a">Promociones Editoriales Mexicanas.</subfield>
    <subfield code="e">ed.</subfield>
  </datafield>
  <datafield tag="942" ind1=" " ind2=" ">
    <subfield code="2">lcc</subfield>
    <subfield code="c">LIB</subfield>
  </datafield>
  <datafield tag="999" ind1=" " ind2=" ">
    <subfield code="c">2283</subfield>
    <subfield code="d">2283</subfield>
  </datafield>
  <datafield tag="952" ind1=" " ind2=" ">
    <subfield code="1">0</subfield>
    <subfield code="2">lcc</subfield>
    <subfield code="4">0</subfield>
    <subfield code="7">0</subfield>
    <subfield code="a">INV-033</subfield>
    <subfield code="b">INV-033</subfield>
    <subfield code="c">CONSULTA</subfield>
    <subfield code="d">2021-04-14</subfield>
    <subfield code="e">DON</subfield>
    <subfield code="f">1a ed.</subfield>
    <subfield code="i">H</subfield>
    <subfield code="k">EH</subfield>
    <subfield code="l">0</subfield>
    <subfield code="o">PQ7104 G73 1985</subfield>
    <subfield code="p">IIH000002366</subfield>
    <subfield code="r">2021-04-14 00:00:00</subfield>
    <subfield code="t">C:1 V.1</subfield>
    <subfield code="v">1.00</subfield>
    <subfield code="y">LIB</subfield>
  </datafield>
  <datafield tag="952" ind1=" " ind2=" ">
    <subfield code="1">0</subfield>
    <subfield code="2">lcc</subfield>
    <subfield code="4">0</subfield>
    <subfield code="7">0</subfield>
    <subfield code="a">INV-033</subfield>
    <subfield code="b">INV-033</subfield>
    <subfield code="c">CONSULTA</subfield>
    <subfield code="d">2021-04-14</subfield>
    <subfield code="e">DON</subfield>
    <subfield code="f">1a ed.</subfield>
    <subfield code="i">H</subfield>
    <subfield code="k">EH</subfield>
    <subfield code="o">PQ7104 G73 1985</subfield>
    <subfield code="p">IIH000002367</subfield>
    <subfield code="r">2021-04-14 00:00:00</subfield>
    <subfield code="t">C:1 V.2</subfield>
    <subfield code="v">1.00</subfield>
    <subfield code="y">LIB</subfield>
  </datafield>
  <datafield tag="952" ind1=" " ind2=" ">
    <subfield code="1">0</subfield>
    <subfield code="2">lcc</subfield>
    <subfield code="4">0</subfield>
    <subfield code="7">0</subfield>
    <subfield code="a">INV-033</subfield>
    <subfield code="b">INV-033</subfield>
    <subfield code="c">CONSULTA</subfield>
    <subfield code="d">2021-04-14</subfield>
    <subfield code="e">DON</subfield>
    <subfield code="f">1a ed.</subfield>
    <subfield code="i">H</subfield>
    <subfield code="k">EH</subfield>
    <subfield code="o">PQ7104 G73 1985</subfield>
    <subfield code="p">IIH000002364</subfield>
    <subfield code="r">2021-04-14 00:00:00</subfield>
    <subfield code="t">C:1 V.3</subfield>
    <subfield code="v">1.00</subfield>
    <subfield code="y">LIB</subfield>
  </datafield>
  <datafield tag="952" ind1=" " ind2=" ">
    <subfield code="1">0</subfield>
    <subfield code="2">lcc</subfield>
    <subfield code="4">0</subfield>
    <subfield code="7">0</subfield>
    <subfield code="a">INV-033</subfield>
    <subfield code="b">INV-033</subfield>
    <subfield code="c">CONSULTA</subfield>
    <subfield code="d">2021-04-14</subfield>
    <subfield code="e">DON</subfield>
    <subfield code="f">1a ed.</subfield>
    <subfield code="i">H</subfield>
    <subfield code="k">EH</subfield>
    <subfield code="o">PQ7104 G73 1985</subfield>
    <subfield code="p">IIH000002365</subfield>
    <subfield code="r">2021-04-14 00:00:00</subfield>
    <subfield code="t">C:1 V.4</subfield>
    <subfield code="v">1.00</subfield>
    <subfield code="y">LIB</subfield>
  </datafield>
  <datafield tag="952" ind1=" " ind2=" ">
    <subfield code="1">0</subfield>
    <subfield code="2">lcc</subfield>
    <subfield code="4">0</subfield>
    <subfield code="7">0</subfield>
    <subfield code="a">INV-033</subfield>
    <subfield code="b">INV-033</subfield>
    <subfield code="c">CONSULTA</subfield>
    <subfield code="d">2021-04-14</subfield>
    <subfield code="e">DON</subfield>
    <subfield code="f">1a ed.</subfield>
    <subfield code="i">H</subfield>
    <subfield code="k">EH</subfield>
    <subfield code="o">PQ7104 G73 1985</subfield>
    <subfield code="p">IIH000002363</subfield>
    <subfield code="r">2021-04-14 00:00:00</subfield>
    <subfield code="t">C:1 V.6</subfield>
    <subfield code="v">1.00</subfield>
    <subfield code="y">LIB</subfield>
  </datafield>
  <datafield tag="952" ind1=" " ind2=" ">
    <subfield code="1">0</subfield>
    <subfield code="2">lcc</subfield>
    <subfield code="4">0</subfield>
    <subfield code="7">0</subfield>
    <subfield code="a">INV-033</subfield>
    <subfield code="b">INV-033</subfield>
    <subfield code="c">CONSULTA</subfield>
    <subfield code="d">2021-04-14</subfield>
    <subfield code="e">DON</subfield>
    <subfield code="f">1a ed.</subfield>
    <subfield code="i">H</subfield>
    <subfield code="k">EH</subfield>
    <subfield code="o">PQ7104 G73 1985</subfield>
    <subfield code="p">IIH000002362</subfield>
    <subfield code="r">2021-04-14 00:00:00</subfield>
    <subfield code="t">C:1 V.7</subfield>
    <subfield code="v">1.00</subfield>
    <subfield code="y">LIB</subfield>
  </datafield>
</record>
